000 00932nac a22002657a 4500
001 BR9101549
003 BR-BrBNA
005 20240105121147.0
008 230509b bl.|||m| |||| 00| 0 por d
040 _aBR-BrBNA
_bpor
_cBiblioteca Nacional de Agricultura
072 _aF70
090 _aF70 BR9101549
100 1 _aSantos, A.M.P.V. dos
100 1 _aBoechat, S. de C.
110 1 _aUniversidade Federal do Rio Grande do Sul, Porto Alegre (Brasil). Inst. de Biociencias
_911170
245 1 _aGramineae tribo Danthonieae
260 3 _aPorto Alegre, RS (Brasil):
_c1989.
300 _a57 p.
490 _aBoletim do Instituto de Biociencias - Universidade Federal do Rio Grande do Sul (Brazil)
_vno. 44
_xISSN 0102-597X
500 _aBibliography p. 48-50 (53 ref.); Summaries (En, Pt)
650 _aGRAMINEA
650 _aTAXONOMIA VEGETAL
909 _a202312
_bLúcia Elande
_c55
_dLúcia Elande
942 _2AGRIS
_n0
_cMS
999 _c283661
_d283661